00627nam a22002057a 450000500170000001000130001702000230003003500130005303700160006604000120008208200170009410000160011124500740012725000120020126000420021327000510025530000300030665000470033665000380038320170124110018.0 aB-064934 c450.00a8175880708 aB-064934 bCen Lib/Ret aDPLbEN a343.056bJAI aJain, R. K. aCentral excise law manual (with service tax) 2000-01 /cby R. K. Jain a27th ed aNew Delhi bCentax Publicationsc2000 bNew Delhi a1512-B, Bishm Pitamah Marge110003 avarious pagingsc23cm(Hb) aExcise tax -- Law and legislation -- India aExcise tax -- Law and legislation